| 000 | 01495cam a22003495i 4500 | ||
|---|---|---|---|
| 999 |
_c27896 _d27867 |
||
| 001 | 15863553 | ||
| 003 | EG-ScBUE | ||
| 005 | 20191216112124.0 | ||
| 008 | 090811t20092009nyua f d 000 0 eng d | ||
| 020 | _a9780764138614 | ||
| 020 | _a0764138618 | ||
| 040 |
_aDLC _beng _erda _cDLC _dDLC _dEG-ScBUE |
||
| 043 | _an-us--- | ||
| 082 | 0 | 4 |
_a427.97303 _bMAR _222 |
| 100 | 0 |
_aMary Elizabeth _q(Mary Elizabeth Podhaizer) _eauthor. |
|
| 245 | 1 | 0 |
_aBarron's American slang dictionary and thesaurus / _cMary Elizabeth, M. Ed. educational product developer, Adjunct Faculty, University of Vermont, Burlington, Vermont. |
| 246 | 3 | 0 | _aAmerican slang dictionary and thesaurus |
| 264 | 1 |
_aNew York : _bBarron's Educational Series, _c[2009] |
|
| 264 | 4 | _cc2009 | |
| 300 |
_axxi, 596 pages : _billustrations ; _c23 cm |
||
| 336 |
_atext _btxt _2rdacontent |
||
| 337 |
_aunmediated _bn _2rdamedia |
||
| 338 |
_avolume _bnc _2rdacarrier |
||
| 520 | _aPresents English language slang terms and phrases in alphabetical and thematic formats, and provides explanations for slang usage and phrase origins. | ||
| 650 | 7 |
_aEnglish language _zUnited States _xSlang _vDictionaries. _2BUEsh |
|
| 650 | 7 |
_aEnglish language _zUnited States _xSlang _xSynonyms and antonyms. _2BUEsh |
|
| 650 | 7 |
_aAmericanisms _vDictionaries. _2BUEsh |
|
| 653 |
_bHHUUEENN _cNovember2019 |
||
| 655 | _vReading book | ||
| 856 | 4 | 2 |
_3Publisher description _uhttp://www.loc.gov/catdir/enhancements/fy0916/2009934705-d.html |
| 942 |
_2ddc _cREFERENCE |
||